| 000 | 00726nam a2200229 a 4500 | ||
|---|---|---|---|
| 999 |
_c7474 _d7474 |
||
| 001 | 7474 | ||
| 003 | BD-JhCC | ||
| 005 | 20180210184630.0 | ||
| 008 | 180210b 2008bg |||| ||a| 000 0 ben d | ||
| 020 | _a9842000400 | ||
| 035 | _a(BD-JhCC) 7474 | ||
| 040 |
_aBD-JhCC _dBD-JhCC |
||
| 041 | _aeng | ||
| 082 |
_a891.4409 _bARE 2008 |
||
| 100 | _aআরেফীন, দেওয়ান শামসুল | ||
| 245 |
_aসত্যের মিত্র কে / _c দেওয়ান শামসুল আরেফীন |
||
| 260 |
_aঢাকা : _bঅ্যাডর্ন পাবলিকেশন , _c2008 |
||
| 300 |
_a171 p .: _c22 cm . |
||
| 650 | _aBengali Literature | ||
| 942 |
_2ddc _cBK |
||